载入...

Ad Hoc networking

书目详细资料
主要作者: Peerkins,Charles.E
格式: Printed Book
语言:English
出版: Newyork Addison-Wesley
主题:
LEADER 00597nam a2200217 a 4500
001 CS96000001
003 imported from excel by LV-4518
005 20160322165151.0
008 960221s1955 dcuabcdjdbkoqu001 0deng d
040 |c S 
245 |a Ad Hoc networking 
100 |a Peerkins,Charles.E. 
942 |c BK  |6 _ 
020 |a 9780201309768 
260 |a Newyork  |b Addison-Wesley 
082 |a 004.7 PER 
300 |a xii,370 
653 |a Networks 
653 |a Ad Hoc 
999 |c 155427  |d 155427 
952 |0 0  |1 0  |4 0  |6 0047_PER  |7 0  |9 203324  |a DCS  |b DCS  |d 2013-09-07  |o 004.7 PER  |p 4518  |r 2013-09-07  |w 0000-00-00  |y BK